| 000 | 004930000a22001330004500 | ||
|---|---|---|---|
| 090 |
_aAS _bSeriadas |
||
| 245 | 1 | 0 | _aEcología, sistemática y distribución de foraminiferos bentónicos entre la desembocadura del río Sinú y Coveñas, Caribe colombiano |
| 041 | 0 | _aEspañol | |
| 700 | 1 |
_aCastillo Rodríguez, Esperanza _999358 |
|
| 700 | 1 |
_aMiranda Peña, M. Constanza _999359 |
|
| 100 | 1 |
_aParada Ruffinatti, Carmen _921782 |
|
| 942 | _cARTICULO | ||
| 773 | 1 |
_tCaldasia _345 _h67 _q299-327 _d1985 _g14 |
|
| 999 |
_c14775 _d14775 |
||